| 000 | 00796cam a2200265 a 4500 | ||
|---|---|---|---|
| 001 | 3298390 | ||
| 003 | ARRUPE | ||
| 005 | 20130917132056.0 | ||
| 008 | 830927s1984 inu b 000 0 eng | ||
| 010 | _a 83073026 | ||
| 020 |
_a087793312X (pbk.) : _c$2.95 |
||
| 040 |
_aDLC _cDLC _dDLC |
||
| 041 | 1 | _aengger | |
| 050 | 0 | 0 |
_aBT431 _b.L6213 1984 |
| 082 | 0 | 0 |
_a232.9/6 _219 |
| 100 | 1 |
_aLohfink, Gerhard, _d1934- _9270 |
|
| 240 | 1 | 0 |
_aLetzte Tag Jesu. _lEnglish |
| 245 | 1 | 4 |
_aThe last day of Jesus : _ban enriching portrayal of the passion / _cGerhard Lohfink. |
| 260 |
_aNotre Dame, Ind. : _bAve Maria Press, _cc1984. |
||
| 300 |
_a78 p. ; _c19 cm. |
||
| 500 | _a. | ||
| 600 | 0 | 0 |
_aJesus Christ _xPassion. _9271 |
| 906 |
_a7 _bcbc _corignew _d3 _eopcn _f19 _gy-gencatlg |
||
| 942 |
_2lcc _cMONOGRAPH |
||
| 999 |
_c117813 _d117813 |
||